Norma Chilena NCh 2745. Análisis y diseño de edificios con aislación sísmica
I tiakina i:
| Kaituhi rangatōpū: | |
|---|---|
| Hōputu: | Tē mōhiotia |
| Reo: | Ingarihi |
| I whakaputaina: |
Santiago, Chile.
Instituto Nacional de Normalización,
2013
|
| Putanga: | Segunda edición |
| Ngā marau: | |
| Ngā Tūtohu: |
Tāpirihia he Tūtohu
Kāore He Tūtohu, Me noho koe te mea tuatahi ki te tūtohu i tēnei pūkete!
|
MARC
| LEADER | 00000 a2200000 4500 | ||
|---|---|---|---|
| 003 | CL-VaPUC | ||
| 005 | 20240508091203.0 | ||
| 008 | 211007b2013 ||||| |||| 00| 0 eng d | ||
| 999 | |c 433478 |d 433476 | ||
| 020 | |a N/I | ||
| 040 | |c Pontificia Universidad Católica de Valparaíso | ||
| 082 | |a 693.852 INS 2013 | ||
| 110 | |a Instituto Nacional de Normalización |e autor |9 719886 | ||
| 245 | |a Norma Chilena NCh 2745. |b Análisis y diseño de edificios con aislación sísmica | ||
| 246 | |a Analysis and design of buildings with seismic isolation | ||
| 250 | |a Segunda edición | ||
| 260 | |a Santiago, Chile. |b Instituto Nacional de Normalización, |c 2013 | ||
| 300 | |a 80 páginas | ||
| 583 | |k Cristina Rojas |c 20211007 | ||
| 650 | 0 | |a Diseño de edificios |9 462936 |x Aislación sísmica | |
| 650 | 0 | |a Construcciones antisísmicas |x Normas |z Chile |9 863220 | |
| 942 | |2 ddc |c BK | ||
| 952 | |0 0 |1 0 |2 ddc |4 0 |6 693_852000000000000_INS_2013 |7 0 |8 X |9 578947 |a BIBING |b BIBING |c RES |d 2021-10-06 |e 9 |g 64800.00 |i 5589010 |o 693.852 INS 2013 |p 5589010 |r 2025-01-20 |t 1 |v 64800.00 |w 2021-10-06 |y BK_X |k CIC | ||